Pokémon - Attacken von Matrifol in KA/PU - Statistiken

Allgemein
  • Dieses Quiz wurde 2 mal gespielt
  • Das Durchschnittsergebnis liegt bei 12 aus 63
Antwortstatistiken
Antwort % Korrekt
Käferbiss
100%
Kreuzschere
100%
Laubklinge
100%
Tackle
100%
Blättersturm
50%
Charme
50%
Dunkelklaue
50%
Energieball
50%
Fadenschuss
50%
Grasfeld
50%
Käfergebrumm
50%
Käfertrutz
50%
Klebenetz
50%
Krabbelkracher
50%
Samenbomben
50%
Schlitzer
50%
Schutzschild
50%
Schwerttanz
50%
Solarstrahl
50%
Wegbereiter
50%
Abschlag
0%
Agilität
0%
Anfallen
0%
Anspringen
0%
Ausdauer
0%
Bodycheck
0%
Delegator
0%
Dreifach-Axel
0%
Dreschflegel
0%
Eisenabwehr
0%
Elektronetz
0%
Erholung
0%
Fassade
0%
Fußkick
0%
Gedankengut
0%
Gifthieb
0%
Gigasauger
0%
Gigastoß
0%
Grasrutsche
0%
Hyperstrahl
0%
Kreideschrei
0%
Kugelsaat
0%
Lichtschild
0%
Luftschnitt
0%
Neck Strike
0%
Pollenknödel
0%
Rasierblatt
0%
Rechte Hand
0%
Reflektor
0%
Regentanz
0%
Schlafrede
0%
Schnarcher
0%
Sonnentag
0%
Sorgensamen
0%
Stachelfinale
0%
Stafette
0%
Strauchler
0%
Synthese
0%
Tera-Ausbruch
0%
Trugschlag
0%
Wechseldich
0%
Zauberblatt
0%
Zwango
0%
Keine übereinstimmenden Quizze gefunden
Verteilung der Resultate
Anzahl Personen mit jedem Resultat
Perzentil nach korrekt beantworteten Fragen
Ihre Resultats-Entwicklung
Sie haben dieses Quiz noch nicht gespielt